000 00862nam a2200265Ia 4500
003 OSt
005 20220928112104.0
006 a|||||r|||| 00| 0
007 ta
008 220927b |||||||| |||| 00| 0 eng d
020 _cUKP 85.00
024 _a143956
037 _b001, 10/02/2021, Excel Book International
_cTextual
040 _aSDCL
_cSDCL
_beng
041 _2eng
_aeng
082 _aY15.43'P, R0
100 _aSanyal Usha Ed.
_9426282
245 0 _aFood, faith and gender in South Asia
_b The cultural politics of women's food practices
260 _aNew Delhi
_bBloomsbury Academic
_c2020
300 _aix,222p.
_ccm.
650 _aEnglish
700 _a Kumar Nita Ed.
_9426283
942 _hY15.43'P, R0
_cTEXL
_2CC
999 _c743262
_d743262